000 00509nam a2200121Ia 4500
008 220620s9999||||xx |||||||||||||| ||und||
100 _aEsmond, Bill||Atkins, Liz
245 0 _aChapter 1 Technical and further education after COVID
_bNew opportunities or new inequalities?
546 _aEnglish[eng]
650 _aeducation, elites, justice, social skills, polarizing, welfare, world
856 _uhttps://library.oapen.org/bitstream/20.500.12657/52563/1/9781003049524_10.4324_9781003049524-1.pdf
942 _cEB
999 _c29218
_d29218